UBT Library

Butterworths company law handbook / (Record no. 360)

000 -LEADER
fixed length control field 00635cam a2200217 a 4500
005 - DATE AND TIME OF LATEST TRANSACTION
control field 20131126094508.0
008 - FIXED-LENGTH DATA ELEMENTS--GENERAL INFORMATION
fixed length control field 890706s1990 enk 001 0 eng d
020 ## - INTERNATIONAL STANDARD BOOK NUMBER
International Standard Book Number 0406957630
041 0# - LANGUAGE CODE
Language code of text/sound track or separate title eng
080 ## - UNIVERSAL DECIMAL CLASSIFICATION NUMBER
Universal Decimal Classification number 347
Common auxiliary subdivision (035)
245 00 - TITLE STATEMENT
Title Butterworths company law handbook /
Statement of responsibility, etc consultant editor, Keith Walmsley.
250 ## -
-- 6th ed.
260 ## -
-- London :
-- Butterworths ;
-- 2002.
300 ## -
-- 2913 f. ;
-- 25 cm.
500 ## -
-- Includes index.
650 #0 -
-- Ligji i koorporatave
-- Britania e madhe
650 #0 -
-- E drejta civile
-- Britania e madhe
700 1# -
-- Walmsley, Keith.
740 01 - ADDED ENTRY--UNCONTROLLED RELATED/ANALYTICAL TITLE
Uncontrolled related/analytical title Company law handbook.
942 ## - ADDED ENTRY ELEMENTS (KOHA)
Source of classification or shelving scheme
Item type Books
Holdings
Withdrawn status Lost status Source of classification or shelving scheme Damaged status Not for loan Collection code Permanent location Current location Shelving location Date acquired Total Checkouts Full call number Barcode Date last seen Price effective from Koha item type
          Koleksioni i përgjithshem UBT - Prishtine UBT - Prishtine Koleksioni i përgjithshem 11/26/2013   347 (035) COM 001-000478 11/26/2013 11/26/2013 Books
          Koleksioni i përgjithshem UBT - Prishtine UBT - Prishtine Koleksioni i përgjithshem 11/26/2013   347 (035) COM 001-000481 11/26/2013 11/26/2013 Books
          Koleksioni i përgjithshem UBT - Prishtine UBT - Prishtine Koleksioni i përgjithshem 11/26/2013   347 (035) COM 001-000482 11/26/2013 11/26/2013 Books
UBT Library © 2015-2024. All rights reserved University Education for Business and Technology